| 000 | 00777nam a2200277Ia 4500 | ||
|---|---|---|---|
| 008 | 181129s9999 xx 000 0 und d | ||
| 020 | _a9780545591942 | ||
| 050 | _bH318 2010 | ||
| 100 | _aHarrison, D avid L. | ||
| 245 | 0 | _aMammoth bones and broken stones : | |
| 245 | 4 | _bthe mystery of North American's first people / | |
| 245 | 0 | _cby David L. Harrison ; illustrated by Richard Hilliard and Arch | |
| 260 | _aNew York, NY : | ||
| 260 | _bScholastic, | ||
| 260 | _c2010 | ||
| 300 | _a48 pages : | ||
| 300 | _bcolor illustrations ; | ||
| 300 | _c23cm. | ||
| 500 | _a1040L | ||
| 650 | _aAntiquities. | ||
| 650 | _aNorth America. | ||
| 650 | _aPaleo-Indians. | ||
| 700 | _aArchaeological Photographs. | ||
| 700 | _aHilliard, Richard. | ||
| 700 | _aTitle. | ||
| 999 |
_c359915 _d359915 |
||